| 000 | 00718nam a2200229 a 4500 | ||
|---|---|---|---|
| 999 |
_c1385 _d1385 |
||
| 001 | 1385 | ||
| 003 | BD-JhCC | ||
| 005 | 20171106125619.0 | ||
| 008 | 171018s2001 bg ||||| |||| 00| 0 ben d | ||
| 020 | _a9844121736 | ||
| 035 | _a(BD-JhCC) 1385 | ||
| 040 |
_aBD-JhCC _dBD-JhCC |
||
| 041 | _aben | ||
| 082 |
_a891.4409 _bSYE 2001 |
||
| 100 | _aসায়ীদ, আবদুল্লাহ আবু | ||
| 245 |
_aস্বনির্বাচিত প্রবন্ধ ও রচনা / _cআবদুল্লাহ আবু সায়ীদ |
||
| 260 |
_aঢাকা : _bঅনন্যা, _c2001 |
||
| 300 |
_a376 p. : _c22 cm |
||
| 650 | _aBengali Literature | ||
| 942 |
_2ddc _cBK |
||